| 000 | 00428nam a2200133Ia 4500 | ||
|---|---|---|---|
| 008 | 211109s9999||||xx |||||||||||||| ||und|| | ||
| 082 |
_a613.2 _bJUD-M |
||
| 100 | _aJudith Jwurtman An D Margaret, | ||
| 245 | 0 | _aManaging Your Mind And Mood Throughg Food | |
| 260 |
_bCurrent Books _aKottayam Bn 795 _c1900 |
||
| 630 | _xGENERAL STACK | ||
| 650 |
_aTechnology _vMedicine & health _xPersonal health & safetyGeneralia |
||
| 942 | _cBOOK | ||
| 999 |
_c39499 _d39499 |
||